000 00746nab a2200229u 4500
001 09790
003 HDC
007 c| |||a|c|aaaa
008 210202b20120326my ||||| |||| 00| 0 may d
040 _aHDC
245 0 _aUsaha perluas pasaran ke peringkat antarabangsa
336 _atext
_2rdacontent
337 _acomputer
_2rdamedia
338 _aonline resource
_2rdacarrier
650 _aMinistry of Science, Technology and Innovation (MOSTI)
_910014
650 _aMITI
_99677
710 _aSinar Harian
856 _zRequest full-text at [email protected]
942 _2lcc
942 _cNEWS
942 _kNWSC 003598
999 _c7113
_d7113